书目信息 |
| 题名: |
行政法律行为论纲
|
|
| 作者: | 张兆成 著 | |
| 分册: | ||
| 出版信息: | 北京 人民出版社 2013.11 |
|
| 页数: | 271页 | |
| 开本: | 23cm | |
| 丛书名: | ||
| 单 册: | ||
| 中图分类: | D912.104 | |
| 科图分类: | ||
| 主题词: | 行政法--法律行为--研究 | |
| 电子资源: | ||
| ISBN: | 978-7-01-012394-3 | |
| 000 | 00845nam0 2200241 450 | |
| 001 | 351799 | |
| 005 | 20161017102647.67 | |
| 010 | @a978-7-01-012394-3@dCNY39.00 | |
| 100 | @a20140228d2013 em y0chiy50 ea | |
| 101 | 0 | @achi |
| 102 | @aCN@b110000 | |
| 105 | @ay z 000yy | |
| 106 | @ar | |
| 200 | 1 | @a行政法律行为论纲@dAn outline of the administrative legal act@f张兆成著@zeng |
| 210 | @a北京@c人民出版社@d2013.11 | |
| 215 | @a271页@d23cm | |
| 330 | @a本书对行政法律行为的概念辨正、特征探讨、本质及研究意义乃至行政法律行为的分类、效力等各个方面作了详细论述,并对国外和我国台湾地区的相关理论作了介绍和评析。 | |
| 510 | 1 | @aOutline of the administrative legal act@zeng |
| 606 | 0 | @a行政法@x法律行为@x研究 |
| 690 | @aD912.104@v5 | |
| 701 | 0 | @a张兆成@c(法学)@4著 |
| 801 | 0 | @aCN@bTANGWEI@c20161010 |
| 905 | @b0896575-9@dD912.104@e649@f5 | |
| 行政法律行为论纲=An outline of the administrative legal act/张兆成著.-北京:人民出版社,2013.11 |
| 271页;23cm |
| ISBN 978-7-01-012394-3:CNY39.00 |
| 本书对行政法律行为的概念辨正、特征探讨、本质及研究意义乃至行政法律行为的分类、效力等各个方面作了详细论述,并对国外和我国台湾地区的相关理论作了介绍和评析。 |
| ● |
| 相关链接 |
|
|
|
|
正题名:行政法律行为论纲
索取号:D912.104/649
 
预约/预借
| 序号 | 登录号 | 条形码 | 馆藏地/架位号 | 状态 | 备注 |
| 1 | 0896575 | 208965752 | 第一样本阅览室/ [索取号:D912.104/649] | 在馆 | |
| 2 | 0896576 | 208965761 | 第一借阅区/ [索取号:D912.104/649] | 在馆 | |
| 3 | 0896577 | 208965770 | 第一借阅区/ [索取号:D912.104/649] | 在馆 | |
| 4 | 0896578 | 208965789 | 第一借阅区/ [索取号:D912.104/649] | 在馆 | |
| 5 | 0896579 | 208965798 | 史法系资料室/ [索取号:D912.104/649] | 在馆 |